Statistics for All Countries That Do Not Contain A-With Flags!

Click here to take the quiz!

General Stats

  • This quiz has been taken 44 times
  • The average score is 25 of 30

Answer Stats

Answer% Correct
Belgium
97%
Egypt
94%
Chile
91%
Greece
91%
Turkey
91%
Benin
89%
Comoros
89%
Cyprus
89%
Czech Republic
89%
Fiji
89%
Morocco
89%
Sweden
86%
Belize
83%
Brunei
83%
Luxembourg
83%
Mexico
83%
Yemen
83%
Burundi
80%
Kosovo
80%
Philippines
80%
Togo
80%
United Kingdom
80%
Lesotho
77%
Montenegro
77%
Niger
77%
Liechtenstein
74%
Peru
71%
Seychelles
71%
Djibouti
63%
Republic Of The Congo
63%

Score Distribution

Percentile by Number Answered

Percent of People with Each Score

Your Score History

You have not taken this quiz